Bibliai történet izraelita elemi iskolák részére, polgári és középiskolák alsó osztályai számára

Bibliographic Details
Other Authors: Groszmann, Sámuel (Editor)
Format: Book
Language:Hungarian
Published: Rimavská Sobota Klein Géza 1927
Subjects:

MARC

LEADER 00000cam a2200000 a 4500
001 vtls001291102
003 SK-MaSNL
005 20260301234958.0
008 251001s1927 xo a f p 000 0 hun
015 |a SNBA1956 
020 |q (brožované) 
035 |a SNK000242766 
035 |a urn:nbn:sk:snk-am3i3q1 
035 |a 2E189AA1-D6AE-4989-84DC-6D881A3F3CFC 
035 |a urn:nbn:sk:snk-am00diul 
040 |a SNK  |b slo  |c SNK  |e AACR2 
041 0 |a hun 
044 |a xo  |c SK 
072 7 |a 82  |x Literatúra. Literárny život  |2 konspekt 
072 7 |a 37.016  |x Učebné osnovy. Vyučovacie predmety. Učebnice  |2 konspekt 
080 |a (075.2)  |2 2011 
080 |a (075.3)  |2 2011 
080 |a 37.016:82  |2 2011 
080 |a 2-236.5  |2 2011 
245 0 0 |a Bibliai történet  |b izraelita elemi iskolák részére, polgári és középiskolák alsó osztályai számára  |c szerkesztette: Groszmann Sámuel 
260 |a Rimavská Sobota  |b Klein Géza  |c 1927 
300 |a 88 strán  |b ilustrácie  |c 23 cm 
500 |a Obsahuje opravy na strane [89] 
500 |a Čiastočne text aj v hebrejčine 
650 0 7 |a literárna výchova  |2 SNKPH  |9 1653 
650 0 7 |a biblické príbehy  |2 SNKPH  |9 1916 
655 7 |a učebnice základných škôl  |2 SNKPH  |9 70187 
655 7 |a učebnice stredných škôl  |2 SNKPH  |9 69323 
700 1 |a Groszmann, Sámuel  |4 edt  |9 631653 
852 |a Slovenská národná knižnica 
958 |a EUIPO 
958 |a RK 
958 |a TL 
958 |a HU 
958 |a SP 
958 |a OND 
999 |c 972751  |d 974681 
952 |t P60, <04>, [BOOK], {604}  |a SNK  |b SNK  |y PREZ  |7 0  |p 17A0780418  |o snkSC 7349  |i snkKSK229/56  |8 3  |0 0  |1 0  |4 0  |d 1997-06-18  |f 1  |l 0  |r 2025-07-04 00:00:00  |w 2026-02-24